000 00398nam a2200133Ia 4500
008 100328s9999 xx 000 0 und d
082 _b58887
100 _aआशू रावजी आणि कानडे दिनू.
245 _aजिवलग.
260 _bडॉल्फिन लायब्ररी.
630 _aजिवलग.
730 _aजिवलग.
942 _cBOOK
999 _c545159
_d545156